000 00948nmc a2200325 a 4500
003 AR-BaBNM
005 20251128210059.0
008 149019s1996 ||||||||||||||000 | spa||
020 _a950-581-172-1
040 _cAR-BaBNM
100 1 _aRinesi, Eduardo
245 1 0 _aEl último tribuno
_bvariaciones sobre Lisandro de la Torre
260 _aBuenos Aires
_bColihue
_c1996
300 0 _a174 p.
490 0 _aPuñaladas: ensayos de punta
504 _aBibliografía para consultar p. 167-172
600 1 4 _aTorre, Lisandro de La
610 2 4 _aPartido Demócrata Progresista [Argentina]
650 4 _aHISTORIA ARGENTINA
650 4 _aPOLITICA ARGENTINA
650 4 _aHISTORIA POLITICA ARGENTINA
650 4 _aPARTIDOS POLITICOS ARGENTINOS
650 4 _aNACIONALISMO
650 4 _aLIBERALISMO
650 4 _aCONSERVADURISMO
651 4 _aArgentina
800 1 _aGonzález, Horacio
_edirector
942 _cBK
998 _cMariana
999 _c13951
_d13951